[Event "Bryansk Zilberstein Memorial 5th"]
[Site "Bryansk"]
[Date "2021.07.29"]
[Round "1"]
[White "Egorenkov, Igor"]
[Black "Sarana, Alexey"]
[Result "0-1"]
[WhiteElo "2142"]
[BlackElo "2640"]
[PlyCount "74"]
[EventDate "2021.07.29"]
[EventType "swiss (rapid)"]
[EventRounds "11"]
[EventCountry "RUS"]
[SourceTitle "CBM 203 Extra"]
[Source "ChessBase"]
[SourceDate "2021.09.30"]
[SourceVersion "1"]
[SourceVersionDate "2021.09.30"]
[SourceQuality "1"]

1. e4 c5 2. c3 Nf6 3. e5 Nd5 4. d4 cxd4 5. Qxd4 e6 6. Nf3 d6 7. exd6 Nc6 8. Bb5 Qxd6 9. 0-0 Bd7 10. Bxc6 Bxc6 11. Rd1 Qc7 12. c4 Nf6 13. Bf4 Qd7 14. Qxd7+ Nxd7 15. Nd4 e5 16. Nxc6 bxc6 17. Be3 Bc5 18. Nc3 Bxe3 19. fxe3 Ke7 20. b3 Rhd8 21. Na4 f5 22. Kf2 h5 23. Ke2 h4 24. b4 e4 25. b5 Ne5 26. Rxd8 Rxd8 27. Rc1 Rd3 28. bxc6 Ra3 29. Nc3 Nxc6 30. Nd5+ Kd6 31. Rc2 g5 32. h3 Ke5 33. Rb2 f4 34. exf4+ gxf4 35. Kf1 e3 36. Rb7 Rxa2 37. Re7+ Nxe7 0-1

[Event "Orsha op"]
[Site "Orsha"]
[Date "2019.01.22"]
[Round "7"]
[White "Ghevondyan, Arman"]
[Black "Egorenkov, Igor"]
[Result "1/2-1/2"]
[WhiteElo "1679"]
[BlackElo "2213"]
[PlyCount "71"]
[EventDate "2019.01.18"]
[EventType "swiss"]
[EventRounds "9"]
[EventCountry "BLR"]
[SourceTitle "CBM 188 Extra"]
[Source "ChessBase"]
[SourceDate "2019.02.26"]
[SourceVersion "1"]
[SourceVersionDate "2019.02.26"]
[SourceQuality "1"]

1. Nf3 Nf6 2. g3 c5 3. Bg2 Nc6 4. d4 cxd4 5. Nxd4 e5 6. Nxc6 bxc6 7. 0-0 Be7 8. c4 0-0 9. Nc3 Rb8 10. b3 Qc7 11. Bb2 d6 12. Rc1 Nd7 13. e4 Nc5 14. Qd2 f5 15. exf5 Bxf5 16. Rcd1 Rbd8 17. Qe2 Ne6 18. Na4 c5 19. Nc3 Nd4 20. Qe3 Bg4 21. Nd5 Qd7 22. f3 Be6 23. f4 Bf6 24. Bxd4 exd4 25. Qd3 Kh8 26. Rde1 Rde8 27. Be4 g6 28. h4 a5 29. Kh2 Bxd5 30. Bxd5 a4 31. Qf3 Rxe1 32. Rxe1 axb3 33. axb3 Qd8 34. Kh3 Re8 35. Rxe8+ Qxe8 36. Qe4 1/2-1/2

[Event "Orsha op"]
[Site "Orsha"]
[Date "2019.01.20"]
[Round "5"]
[White "Zeliantsova, Kseniya"]
[Black "Egorenkov, Igor"]
[Result "0-1"]
[WhiteElo "1858"]
[BlackElo "2213"]
[PlyCount "110"]
[EventDate "2019.01.18"]
[EventType "swiss"]
[EventRounds "9"]
[EventCountry "BLR"]
[SourceTitle "CBM 188 Extra"]
[Source "ChessBase"]
[SourceDate "2019.02.26"]
[SourceVersion "1"]
[SourceVersionDate "2019.02.26"]
[SourceQuality "1"]

1. e4 c5 2. Nf3 Nc6 3. Bb5 g6 4. 0-0 Bg7 5. c3 Nf6 6. Re1 a6 7. Bxc6 dxc6 8. e5 Nd5 9. d4 cxd4 10. cxd4 Bf5 11. a3 0-0 12. Nc3 Nxc3 13. bxc3 Qd5 14. h3 c5 15. Be3 cxd4 16. cxd4 Rac8 17. Nh4 Bd7 18. f4 Rc3 19. Qd2 Rfc8 20. Rec1 Qb3 21. Rcb1 Qd5 22. Rc1 Rxc1+ 23. Rxc1 Rxc1+ 24. Qxc1 Qe4 25. Kh2 Bc6 26. Nf3 e6 27. Qc3 Bf8 28. Qb3 b5 29. Kg3 a5 30. Bd2 a4 31. Qc3 Kg7 32. Qc1 Bd5 33. f5 g5 34. f6+ Kg8 35. Bxg5 Qd3 36. Kh2 Bxf3 37. gxf3 Qxd4 38. Qe1 Bc5 39. Kg2 Kf8 40. Bc1 Ke8 41. Qf1 Kd8 42. f4 Kc7 43. Kf3 Kb6 44. Kg4 Qe4 45. Kg3 b4 46. Qd1 bxa3 47. Qd8+ Kb5 48. Qd7+ Kb4 49. Bd2+ Kb3 50. Qxf7 Qg6+ 51. Qxg6 hxg6 52. f5 gxf5 53. f7 a2 54. Be3 a1Q 55. Bxc5 Qc3+ 0-1

[Event "Tula Region-ch"]
[Site "Tula"]
[Date "2014.03.13"]
[Round "3"]
[White "Egorenkov, Igor"]
[Black "Ovchinnikov, Yury"]
[Result "1-0"]
[WhiteElo "2104"]
[BlackElo "2250"]
[PlyCount "71"]
[EventDate "2014.03.11"]
[EventType "swiss"]
[EventRounds "9"]
[EventCountry "RUS"]
[SourceTitle "CBM 159 Extra"]
[Source "ChessBase"]
[SourceDate "2014.04.24"]
[SourceVersion "1"]
[SourceVersionDate "2014.04.24"]
[SourceQuality "1"]

1. c4 Nf6 2. Nf3 e6 3. b3 d5 4. Bb2 Be7 5. e3 c5 6. Be2 Nc6 7. 0-0 0-0 8. d3 b6 9. Nbd2 Bb7 10. a3 Qc7 11. Re1 Rfd8 12. Qc2 Rac8 13. Rac1 a5 14. d4 cxd4 15. exd4 Qb8 16. Qb1 Ne4 17. cxd5 Nxd2 18. Nxd2 Rxd5 19. Bf3 Rdd8 20. d5 exd5 21. Rxc6 Bxc6 22. Rxe7 Qf4 23. Qd3 Bb5 24. Qxb5 Qxd2 25. Qe2 Qxe2 26. Rxe2 Re8 27. Rxe8+ Rxe8 28. Kf1 Rc8 29. a4 Rc5 30. Bd4 Rc6 31. Ke2 Kf8 32. Kd3 Rd6 33. Be5 Re6 34. Bg3 Ke7 35. Bxd5 Rg6 36. Kc4 1-0

[Event "RUS-chT Clubs U18"]
[Site "Rybinsk"]
[Date "2009.08.05"]
[Round "4"]
[White "Mushenok, Egor"]
[Black "Egorenkov, Igor"]
[Result "1/2-1/2"]
[WhiteElo "2009"]
[BlackElo "2058"]
[PlyCount "88"]
[EventDate "2009.08.02"]
[EventType "team-swiss"]
[EventRounds "9"]
[EventCountry "RUS"]
[SourceTitle "CBM 131 Extra"]
[Source "ChessBase"]
[SourceDate "2009.09.03"]
[SourceVersion "2"]
[SourceVersionDate "2009.09.16"]
[SourceQuality "1"]

1. d4 Nf6 2. c4 e6 3. Nc3 Bb4 4. e3 b6 5. Nge2 Bb7 6. a3 Be7 7. Ng3 h5 8. d5 h4 9. Nge4 Nxe4 10. Nxe4 f5 11. Nc3 Bf6 12. Bd2 c6 13. Bd3 cxd5 14. cxd5 Bxc3 15. Bxc3 Bxd5 16. Bxf5 Qg5 17. Bh3 0-0 18. Qd3 a5 19. f4 Qe7 20. 0-0 Na6 21. Qg6 Nc5 22. Rad1 Be4 23. Qh5 Bf5 24. Be5 d5 25. Qe2 Rac8 26. Qb5 Bxh3 27. gxh3 Ne4 28. Qe2 Rc4 29. b3 Rc6 30. Rc1 Rfc8 31. Qb2 Qf7 32. Rxc6 Rxc6 33. Qg2 Nd6 34. Bxd6 Rxd6 35. Rc1 e5 36. Rc8+ Kh7 37. Qf2 Qg6+ 38. Kf1 Qb1+ 39. Qe1 Qxe1+ 40. Kxe1 exf4 41. exf4 Kg6 42. Ke2 d4 43. Kd3 Rf6 44. Kxd4 Rxf4+ 1/2-1/2

[Event "Central FO-ch"]
[Site "Gagarin"]
[Date "2009.05.07"]
[Round "9"]
[White "Egorenkov, Igor"]
[Black "Loginov, Anton"]
[Result "0-1"]
[WhiteElo "2070"]
[BlackElo "2227"]
[PlyCount "62"]
[EventDate "2009.05.01"]
[EventType "swiss"]
[EventRounds "9"]
[EventCountry "RUS"]
[SourceTitle "CBM 130 Extra"]
[Source "ChessBase"]
[SourceDate "2009.07.02"]
[SourceVersion "2"]
[SourceVersionDate "2009.07.15"]
[SourceQuality "1"]

1. e4 e5 2. d4 exd4 3. Qxd4 Nc6 4. Qe3 Nf6 5. Nc3 Bb4 6. Bd2 0-0 7. 0-0-0 Re8 8. Qg3 Nxe4 9. Nxe4 Rxe4 10. c3 Bf8 11. Bd3 Re8 12. Nf3 d5 13. Ng5 g6 14. f4 Ne7 15. h4 h5 16. Be2 Nf5 17. Qd3 Rxe2 18. Qxe2 Ng3 19. Qf2 Nxh1 20. Rxh1 Bf5 21. Be3 c6 22. Bd4 Qa5 23. a3 Re8 24. Re1 Rxe1+ 25. Qxe1 Qa4 26. Qd2 Qb3 27. Bxa7 Bxa3 28. Qe2 Qxc3+ 29. Kd1 Qb3+ 30. Ke1 Bb4+ 31. Kf2 Qc2 0-1

[Event "Central FO-ch"]
[Site "Gagarin"]
[Date "2009.05.01"]
[Round "1"]
[White "Okrugin, Sergey"]
[Black "Egorenkov, Igor"]
[Result "1-0"]
[WhiteElo "2369"]
[BlackElo "2070"]
[PlyCount "65"]
[EventDate "2009.05.01"]
[EventType "swiss"]
[EventRounds "9"]
[EventCountry "RUS"]
[SourceTitle "CBM 130 Extra"]
[Source "ChessBase"]
[SourceDate "2009.07.02"]
[SourceVersion "2"]
[SourceVersionDate "2009.07.15"]
[SourceQuality "1"]

1. e4 c5 2. Nc3 Nc6 3. Bb5 e5 4. Bxc6 dxc6 5. d3 Nf6 6. f4 Bd6 7. Nf3 Bg4 8. h3 Bxf3 9. Qxf3 Qc7 10. g3 Nd7 11. Be3 0-0-0 12. 0-0-0 Kb8 13. Rhf1 f6 14. Kb1 Nf8 15. fxe5 Bxe5 16. Bxc5 Ne6 17. Bf2 b5 18. Ne2 c5 19. Nf4 Rd6 20. c3 Qa5 21. Nxe6 Rxe6 22. Bxc5 Ra6 23. a3 Qc7 24. d4 Bxg3 25. Qd3 Ka8 26. Qxb5 Ra5 27. Qd3 Rb8 28. e5 Bxe5 29. Bb4 Bd6 30. Bxa5 Qxa5 31. Qe4+ Rb7 32. Qe8+ Bb8 33. Qc6 1-0

[Event "RUS Cup Regions"]
[Site "Belgorod"]
[Date "2008.11.29"]
[Round "10"]
[White "Dzhumagaliev, Yan"]
[Black "Egorenkov, Igor"]
[Result "1/2-1/2"]
[WhiteElo "2303"]
[BlackElo "2023"]
[PlyCount "59"]
[EventDate "2008.11.21"]
[EventType "swiss"]
[EventRounds "10"]
[EventCountry "RUS"]
[SourceTitle "EXT 2010"]
[Source "ChessBase"]
[SourceDate "2010.11.25"]
[SourceVersion "1"]
[SourceVersionDate "2010.11.25"]
[SourceQuality "1"]

1. Nf3 Nf6 2. c4 d6 3. d4 Nbd7 4. Nc3 c6 5. g3 e5 6. Bg2 Be7 7. 0-0 0-0 8. e4 a6 9. b4 b5 10. cxb5 axb5 11. Bb2 Qb6 12. dxe5 Nxe5 13. Nxe5 dxe5 14. Ne2 Rd8 15. Qe1 Ra4 16. a3 c5 17. Nc3 Ra7 18. Nd5 Nxd5 19. exd5 cxb4 20. axb4 f6 21. Rxa7 Qxa7 22. Qd2 Qa4 23. Bc3 Bf5 24. Rd1 Qc2 25. Bf1 Qxd2 26. Rxd2 Rc8 27. d6 Bf8 28. d7 Bxd7 29. Rxd7 Rxc3 30. Bxb5 1/2-1/2

[Event "RUS Cup Regions"]
[Site "Belgorod"]
[Date "2008.11.26"]
[Round "7"]
[White "Matsenko, Sergei"]
[Black "Egorenkov, Igor"]
[Result "1-0"]
[WhiteElo "2447"]
[BlackElo "2023"]
[PlyCount "96"]
[EventDate "2008.11.21"]
[EventType "swiss"]
[EventRounds "10"]
[EventCountry "RUS"]
[SourceTitle "EXT 2010"]
[Source "ChessBase"]
[SourceDate "2010.11.25"]
[SourceVersion "1"]
[SourceVersionDate "2010.11.25"]
[SourceQuality "1"]

1. e4 c5 2. Nf3 Nc6 3. d4 cxd4 4. Nxd4 g6 5. c4 Bg7 6. Be3 Nf6 7. Nc3 d6 8. Be2 0-0 9. 0-0 Bd7 10. Qd2 Nxd4 11. Bxd4 Bc6 12. f3 a5 13. b3 Nd7 14. Bf2 Nc5 15. Rab1 Qb8 16. a3 Rc8 17. Bd1 b6 18. Bc2 Ra7 19. Rfd1 Be5 20. Ne2 Bd7 21. b4 axb4 22. axb4 Ne6 23. f4 Bf6 24. Bd3 Qc7 25. Qe3 Rb8 26. f5 Nd8 27. Nf4 Bc6 28. Nd5 Bxd5 29. exd5 Ra2 30. h4 e6 31. dxe6 Nc6 32. exf7+ Qxf7 33. Be4 Ne7 34. fxg6 hxg6 35. Rxd6 Be5 36. Rd7 Qf6 37. Re1 Rf8 38. Bf3 Rxf2 39. Qxf2 Nf5 40. Rxe5 Qxe5 41. Qd2 Ne3 42. Qd6 Qa1+ 43. Kh2 Nf1+ 44. Kh3 Qf6 45. Qxf6 Rxf6 46. c5 bxc5 47. bxc5 Rf4 48. c6 g5 1-0

[Event "RUS Cup Regions"]
[Site "Belgorod"]
[Date "2008.11.25"]
[Round "6"]
[White "Egorenkov, Igor"]
[Black "Iljiushenok, Ilia"]
[Result "1/2-1/2"]
[WhiteElo "2023"]
[BlackElo "2314"]
[PlyCount "89"]
[EventDate "2008.11.21"]
[EventType "swiss"]
[EventRounds "10"]
[EventCountry "RUS"]
[SourceTitle "EXT 2010"]
[Source "ChessBase"]
[SourceDate "2010.11.25"]
[SourceVersion "1"]
[SourceVersionDate "2010.11.25"]
[SourceQuality "1"]

1. e4 e5 2. Nc3 Nf6 3. g3 d6 4. Bg2 Be7 5. Nge2 Nbd7 6. 0-0 0-0 7. d3 c6 8. h3 b5 9. f4 Bb7 10. Kh2 a6 11. g4 Ne8 12. Ng3 exf4 13. Bxf4 Bg5 14. Qd2 Bxf4 15. Qxf4 Ne5 16. Nf5 c5 17. Rad1 Nc7 18. Nd5 Nxd5 19. exd5 Bc8 20. Ng3 Qh4 21. Kg1 b4 22. Ne4 Qe7 23. g5 Rd8 24. Kh2 Bb7 25. Rde1 Ng6 26. Qg3 Qf8 27. Rf5 Ne7 28. Rf2 Nxd5 29. Ref1 Rd7 30. Qg4 Rad8 31. Qg3 Nb6 32. Nf6+ gxf6 33. gxf6+ Kh8 34. Bxb7 Rxb7 35. Rf5 Nd7 36. Qh4 Ne5 37. Rh5 Qg8 38. Rxe5 dxe5 39. Rg1 Rbb8 40. Rg7 Qxg7 41. fxg7+ Kxg7 42. Qg5+ Kf8 43. Qxe5 Rbc8 44. Qh8+ Ke7 45. Qe5+ 1/2-1/2

[Event "RUS Cup Regions"]
[Site "Belgorod"]
[Date "2008.11.22"]
[Round "2"]
[White "Egorenkov, Igor"]
[Black "Matsenko, Sergei"]
[Result "0-1"]
[WhiteElo "2023"]
[BlackElo "2447"]
[PlyCount "90"]
[EventDate "2008.11.21"]
[EventType "swiss"]
[EventRounds "10"]
[EventCountry "RUS"]
[SourceTitle "EXT 2010"]
[Source "ChessBase"]
[SourceDate "2010.11.25"]
[SourceVersion "1"]
[SourceVersionDate "2010.11.25"]
[SourceQuality "1"]

1. c4 Nf6 2. Nc3 e6 3. Nf3 d5 4. d4 c6 5. e3 Nbd7 6. Qc2 Bd6 7. g4 Nxg4 8. Rg1 f5 9. h3 Ngf6 10. Rxg7 Ne4 11. Bd2 Qf6 12. Rg2 Nf8 13. Nxe4 fxe4 14. Ne5 Ng6 15. Nxg6 hxg6 16. 0-0-0 Bd7 17. c5 Bc7 18. Be2 Rxh3 19. Rdg1 0-0-0 20. Qa4 Bb8 21. Be1 Rh6 22. b4 e5 23. Bc3 Bf5 24. b5 cxb5 25. Bxb5 a6 26. Be2 exd4 27. Bxd4 Be5 28. c6 Bxd4 29. cxb7+ Kxb7 30. exd4 Qc6+ 31. Qxc6+ Kxc6 32. Kb2 Rb8+ 33. Ka3 Rh3+ 34. Rg3 Rh2 35. R3g2 Rxg2 36. Rxg2 a5 37. Rg1 Rb4 38. Rd1 Kd6 39. f3 Ke6 40. fxe4 dxe4 41. d5+ Kd6 42. Bf1 Bg4 43. Rc1 Kxd5 44. Be2 Bf5 45. Rg1 Kd4 0-1

[Event "RUS-chT Clubs U18"]
[Site "Rybinsk"]
[Date "2008.08.10"]
[Round "9.31"]
[White "Egorenkov, Igor"]
[Black "Timofeev, Mikhail"]
[Result "0-1"]
[WhiteElo "2031"]
[BlackElo "1876"]
[PlyCount "86"]
[EventDate "2008.08.02"]
[EventType "team"]
[EventRounds "9"]
[EventCountry "RUS"]
[SourceTitle "EXT 2020"]
[Source "ChessBase"]
[SourceDate "2019.10.17"]
[SourceVersion "1"]
[SourceVersionDate "2019.10.17"]
[SourceQuality "1"]

1. e4 e5 2. Nc3 Nf6 3. g3 d5 4. exd5 Nxd5 5. Bg2 Nxc3 6. bxc3 Bc5 7. Ne2 Nc6 8. 0-0 0-0 9. d3 Bg4 10. Rb1 Bb6 11. Be3 f5 12. Qd2 f4 13. gxf4 Bxe2 14. Qxe2 exf4 15. Bc1 Qf6 16. Bd5+ Kh8 17. Kh1 f3 18. Qd2 Rae8 19. Be4 Re5 20. Rg1 Qh4 21. Rg3 Rh5 22. h3 Qxg3 23. fxg3 Rxh3+ 24. Qh2 Rxh2+ 25. Kxh2 f2 26. Bf4 g5 27. Bxc6 gxf4 28. Bg2 f3 29. Bh3 Re8 30. Rf1 Re2 31. Bg4 Re1 32. Bh3 Re2 33. Bg4 Rxc2 34. Bxf3 Rxc3 35. Bxb7 Rxd3 36. Kg2 Rd2 37. a4 Re2 38. Ba6 Re1 39. Bd3 Kg7 40. a5 Bd4 41. a6 h6 42. Rh1 Rg1+ 43. Kh2 Kf6 0-1

[Event "RUS-chT Clubs U18"]
[Site "Rybinsk"]
[Date "2008.08.02"]
[Round "1"]
[White "Lintchevski, Daniil"]
[Black "Egorenkov, Igor"]
[Result "1-0"]
[WhiteElo "2506"]
[BlackElo "2031"]
[PlyCount "101"]
[EventDate "2008.08.02"]
[EventType "team"]
[EventRounds "9"]
[EventCountry "RUS"]
[SourceTitle "CBM 125 Extra"]
[Source "ChessBase"]
[SourceDate "2008.09.01"]
[SourceVersion "1"]
[SourceVersionDate "2008.09.01"]
[SourceQuality "1"]

1. e4 c5 2. Nf3 e6 3. d4 cxd4 4. Nxd4 Nf6 5. Nc3 d6 6. g4 h6 7. h3 d5 8. exd5 Nxd5 9. Bb5+ Bd7 10. Nxd5 exd5 11. Qe2+ Qe7 12. Be3 g6 13. Bxd7+ Nxd7 14. Nb5 Ne5 15. 0-0-0 Bg7 16. Bd4 Qg5+ 17. Qd2 Qxd2+ 18. Rxd2 0-0 19. f4 Nc4 20. Bxg7 Kxg7 21. Rxd5 Rae8 22. b3 Nb6 23. Rd4 Re2 24. Rhd1 Rfe8 25. a4 Nc8 26. Rd7 a6 27. Nc3 R2e7 28. Rxe7 Rxe7 29. Rd8 Na7 30. Nd5 Re1+ 31. Kd2 Rh1 32. g5 hxg5 33. fxg5 Rxh3 34. Nf6 Rh8 35. Ne8+ Kh7 36. Rb8 Nc6 37. Nf6+ Kg7 38. Rxb7 Rh2+ 39. Kc3 Rg2 40. Rb6 Ne5 41. Rxa6 Rxg5 42. a5 Rf5 43. Ne4 Nd7 44. Ra7 Nf6 45. Nxf6 Kxf6 46. b4 Rf3+ 47. Kb2 Rh3 48. a6 Rh8 49. Rc7 g5 50. b5 Rb8 51. Rc6+ 1-0

[Event "RUS-chT U18"]
[Site "Sochi"]
[Date "2007.05.05"]
[Round "?"]
[White "Kamov, Igor"]
[Black "Egorenkov, Igor"]
[Result "1-0"]
[WhiteElo "2243"]
[BlackElo "2062"]
[PlyCount "72"]
[EventDate "2007.05.02"]
[EventType "team"]
[EventRounds "9"]
[EventCountry "RUS"]
[SourceTitle "CBM 118 Extra"]
[Source "ChessBase"]
[SourceDate "2007.07.04"]
[SourceVersion "1"]
[SourceVersionDate "2007.07.04"]
[SourceQuality "1"]

1. d4 e6 2. c4 b6 3. Nc3 Bb7 4. Nf3 Nf6 5. a3 Be7 6. Bg5 d6 7. e3 Nbd7 8. Be2 h6 9. Bxf6 Bxf6 10. 0-0 0-0 11. Rc1 a6 12. b4 c5 13. e4 cxd4 14. Nxd4 Qc7 15. f4 b5 16. Kh1 bxc4 17. f5 e5 18. Nf3 Rfd8 19. Nd2 Bg5 20. Rc2 Bxd2 21. Rxd2 Nf6 22. Bf3 Rd7 23. Qe2 Qc6 24. Rfd1 a5 25. b5 Qc5 26. a4 Rad8 27. h4 Re8 28. g4 d5 29. exd5 e4 30. Bg2 Bxd5 31. g5 hxg5 32. hxg5 e3 33. Nxd5 Nxd5 34. Rxd5 Rxd5 35. Bxd5 Re5 36. Bxc4 g6 1-0